Introduction to solid state physics / (Record no. 8007)
[ view plain ]
| 000 -LEADER | |
|---|---|
| fixed length control field | 01168nac a22002891u 4500 |
| 010 ## - | |
| -- | 2004042250 |
| 020 ## - INTERNATIONAL STANDARD BOOK NUMBER | |
| International Standard Book Number | 047141526X (acid-free paper) |
| 082 00 - DEWEY DECIMAL CLASSIFICATION NUMBER | |
| Classification number | 530.41 |
| Item number | KIT |
| 090 ## - LOCALLY ASSIGNED LC-TYPE CALL NUMBER (OCLC); LOCAL CALL NUMBER (OCLC) | |
| -- | 8007 |
| -- | 8007 |
| 100 ## - MAIN ENTRY--PERSONAL NAME | |
| Personal name | Kittel, Charles. |
| 245 10 - TITLE STATEMENT | |
| Title | Introduction to solid state physics / |
| Statement of responsibility, etc | Charles Kittel. |
| 250 ## - EDITION STATEMENT | |
| Edition statement | 8th ed. |
| 260 ## - | |
| -- | Hoboken, NJ : |
| -- | Wiley,c2005. |
| -- | c2005. |
| 300 ## - PHYSICAL DESCRIPTION | |
| Extent | xix, 680 p. : |
| Other physical details | ill. ; |
| Dimensions | 25 cm. |
| 336 ## - CONTENT TYPE | |
| Source | rdacontent |
| Content type term | text |
| Content type code | txt |
| 337 ## - MEDIA TYPE | |
| Media type term | unmediated |
| Source | rdamedia |
| Media type code | n |
| 338 ## - CARRIER TYPE | |
| Carrier type term | volume |
| Carrier type code | nc |
| Source | rdacarrier |
| 500 ## - GENERAL NOTE | |
| General note | "Chapter 18, Nanostructures, was written by Professor Paul McEuen ..." |
| 500 ## - GENERAL NOTE | |
| General note | Distributer: Al-Ahram. |
| 504 ## - BIBLIOGRAPHY, ETC. NOTE | |
| Bibliography, etc | Includes bibliographical references and index. |
| 511 ## - | |
| -- | Catalogued By: Mahitab. |
| 650 #0 - SUBJECT ADDED ENTRY--TOPICAL TERM | |
| Topical term or geographic name as entry element | Solid state physics. |
| 856 41 - ELECTRONIC LOCATION AND ACCESS | |
| Materials specified | Table of contents only |
| Uniform Resource Identifier | <a href="http://www.loc.gov/catdir/toc/wiley041/2004042250.html">http://www.loc.gov/catdir/toc/wiley041/2004042250.html</a> |
| 856 41 - ELECTRONIC LOCATION AND ACCESS | |
| Materials specified | Contributor biographical information |
| Uniform Resource Identifier | <a href="http://www.loc.gov/catdir/enhancements/fy0617/2004042250-b.html">http://www.loc.gov/catdir/enhancements/fy0617/2004042250-b.html</a> |
| 856 41 - ELECTRONIC LOCATION AND ACCESS | |
| Materials specified | Publisher description |
| Uniform Resource Identifier | <a href="http://www.loc.gov/catdir/enhancements/fy0617/2004042250-d.html">http://www.loc.gov/catdir/enhancements/fy0617/2004042250-d.html</a> |
| 942 ## - ADDED ENTRY ELEMENTS (KOHA) | |
| Koha item type | Book - Borrowing |
| Call number prefix | 530.41KIT |
| Classification part | RDA-MOD |
| Withdrawn status | Lost status | Damaged status | Not for loan | Home library | Current library | Shelving location | Date acquired | Source of acquisition | Total Checkouts | Total Renewals | Full call number | Barcode | Checked out | Date last seen | Date checked out | Price effective from | Koha item type |
|---|---|---|---|---|---|---|---|---|---|---|---|---|---|---|---|---|---|
| Central Library | Central Library | First floor | 18/02/2008 | Purchase | 2 | 9 | 530.41KIT | 000009419 | 22/10/2015 | 22/09/2015 | 22/09/2015 | 18/02/2008 | Book - Borrowing |